Cuando se vive marcha atrás : relaciones de género, desarrollo y democracia, metodología de talleres sobre sexualidad, trabajo y autoridad /
Shranjeno v:
| Glavni avtor: | |
|---|---|
| Drugi avtorji: | |
| Format: | Knjiga |
| Jezik: | Spanish |
| Izdano: |
Lima, Perú
Tarea
1992
Raíces y Alas |
| Izdaja: | 2da. edición |
| Serija: | Trazos y recorridos; 1
|
| Teme: | |
| Oznake: |
Označite
Brez oznak, prvi označite!
|
MARC
| LEADER | 00000nam a22000007a 4500 | ||
|---|---|---|---|
| 003 | cru CIDCACS/IIS | ||
| 005 | 20220318062535.0 | ||
| 008 | 170310b1992 pe a|||| |||| 00| ||spa d | ||
| 040 | |c CRAI/IIS |a CRAI/IIS | ||
| 090 | |a 05.03.03 G216c 2ed | ||
| 100 | 1 | |9 3290 |a García Ríos, José María | |
| 245 | |a Cuando se vive marcha atrás : |b relaciones de género, desarrollo y democracia, metodología de talleres sobre sexualidad, trabajo y autoridad / |c José María García Ríos; Carmen Aldana | ||
| 250 | |a 2da. edición | ||
| 260 | |a Lima, Perú |b Tarea |c 1992 | ||
| 260 | |b Raíces y Alas | ||
| 300 | |a 212, xviii páginas | ||
| 440 | |9 3291 |a Trazos y recorridos; 1 |n 1 | ||
| 500 | |a Colección Alforja | ||
| 650 | 1 | 0 | |9 3116 |a PROYECTOS DE DESARROLLO |
| 650 | 1 | 0 | |9 3294 |a DESARROLLO |
| 650 | 1 | 0 | |9 83 |a DEMOCRACIA |
| 650 | 1 | 0 | |9 939 |a AUTORIDAD |
| 650 | 1 | 0 | |a RELACIONES DE GENERO |9 2808 |
| 650 | 1 | 0 | |a TRABAJO |9 27 |
| 650 | 1 | 0 | |9 291 |a EDUCACION POPULAR |
| 650 | 1 | 0 | |9 3293 |a RELACIONES INTERPERSONALES |
| 650 | 1 | 0 | |9 964 |a GENERO |
| 650 | 1 | 0 | |9 1792 |a TALLERES |
| 700 | 1 | |9 3295 |a Aldana, Carmen | |
| 942 | |2 ddc |c LI | ||
| 999 | |c 18990 |d 18990 | ||
